The state of Asia : A contemporary survey

Uloženo v:
Podrobná bibliografie
Hlavní autor: Rosinger, Lawrence Kaelter
Médium: Kniha
Jazyk:Undetermined
Vydáno: New York Knopf 1951
Tagy: Přidat tag
Žádné tagy, Buďte první, kdo otaguje tento záznam!
Thư viện lưu trữ: Trung tâm Học liệu Trường Đại học Cần Thơ
LEADER 00474nam a2200181Ia 4500
001 CTU_89896
008 210402s9999 xx 000 0 und d
082 |a 950 
082 |b R821 
100 |a Rosinger, Lawrence Kaelter 
245 4 |a The state of Asia : 
245 2 |b A contemporary survey 
245 0 |c Lawrence Kaelter Rosinger 
260 |a New York 
260 |b Knopf 
260 |c 1951 
904 |i Năm 
980 |a Trung tâm Học liệu Trường Đại học Cần Thơ